00500nam a2200157 a 450000500170000000800410001702000180005805000180007610000190009424500280011326000350014130000090017644000240018599900190020995201140022820140412111236.0100122s19uu xx 00 eng d a0-439-83004-4 aERbKr89 2006 aStewart, Ayoka aKrypto :bDog of Steel. aNew York :bScholastic,c2006. aunp. aKrypto the superdog c102434d102434 00104050aELbELcERd2010-01-22eGiftg245.00l0oER Kr89 2006pE1729r2014-04-12 00:00:00w2014-04-12yBK